00357cam a2200133ua 4500003000400000008004100004041000800045082002000053100002700073245006000100250000900160260004200169300001200211OSt250528b |||||||| |||| 00| 0 eng d aeng a624.171bMAN/EL aManicka Selvam, V.K . aElementary matrix analysis of structures, Part 1 & 2 /  a3 /  aDelhi : bKhanna publishers , c1992. a275 ; .